[Event "9th South Wales Int"]
[Site "Penarth WLS"]
[Date "2012.07.08"]
[Round "1.2"]
[White "Petrov,Marij"]
[Black "Pleasants,A"]
[Result "1-0"]
[WhiteElo "2522"]
[BlackElo "2070"]

1.e4 d6 2.d4 g6 3.Nc3 Bg7 4.Nf3 Bg4 5.Be3 Nc6 6.Bb5 a6 7.Bxc6+ bxc6 8.h3 Bc8
9.Qd2 h6 10.O-O-O Rb8 11.g4 Nf6 12.e5 Nd5 13.Ne4 Be6 14.b3 Qc8 15.c4 Nb6
16.Qc2 Qb7 17.Nfd2 g5 18.Ng3 a5 19.Nh5 Bf8 20.Qc3 dxe5 21.dxe5 a4 22.Ne4 Nd7
23.Rxd7 Bxd7 24.e6  1-0

[Event "4th Rethymno Open"]
[Site "Rethymno GRE"]
[Date "2012.07.08"]
[Round "2.7"]
[White "Solberg,J"]
[Black "Zubarev,Al1"]
[Result "0-1"]
[WhiteElo "2250"]
[BlackElo "2596"]

1.e4 g6 2.d4 Bg7 3.Nc3 d6 4.f4 Nc6 5.Nf3 Bg4 6.Be3 Bxf3 7.gxf3 d5 8.Bb5 e6
9.Qd2 Ne7 10.O-O-O Qd7 11.Ne2 Nc8 12.f5 Nd6 13.fxe6 fxe6 14.Bd3 O-O-O 15.h4 e5
16.exd5 Nxd4 17.Nxd4 exd4 18.Bf4 Rhf8 19.Bxd6 Qxd6 20.Be4 Rf4 21.Kb1 Qf6
22.h5 g5 23.Bxh7 Rxd5 24.Be4 Rd8 25.Qd3 c6 26.Rde1 Kb8 27.Rhg1 Rh4 28.Rh1 Rf8
29.a3 a6 30.Reg1 Qe5 31.Re1 Ka7 32.Rd1 Rff4 33.Rhe1 Qf6 34.Rh1 Qe6 35.Rhe1 Rh3
36.Bg6 Qd6 37.h6 Bxh6 38.Be4 Bg7 39.Rh1 g4 40.Rxh3 gxh3 41.Rh1 Rh4 42.Qc4 h2
43.Qf7 Be5 44.Qc4 Bf4 45.Ka2 Rh5  0-1

[Event "34th Oberwart Open A"]
[Site "Oberwart AUT"]
[Date "2012.07.09"]
[Round "3.17"]
[White "Papp,T1"]
[Black "Koller,Hans-Juergen"]
[Result "1-0"]
[WhiteElo "2286"]
[BlackElo "2078"]

1.e4 g6 2.d4 Bg7 3.Nc3 d6 4.f4 e6 5.Nf3 Ne7 6.Be3 Nd7 7.Bd3 a6 8.a4 b6 9.Qe2 O-O
10.e5 Bb7 11.h4 Nf5 12.Bxf5 gxf5 13.O-O-O b5 14.Rdg1 dxe5 15.fxe5 c5 16.g4 f4
17.Bxf4 cxd4 18.Ne4 Qc7 19.Kb1 Nc5 20.Ng3 Nxa4 21.Rh3 Bxf3 22.Qxf3 Bxe5 23.Bxe5 Qxe5
24.Ne4 f6 25.g5 f5 26.Nf6+ Kh8 27.Qb7  1-0

[Event "FSIM July 2012"]
[Site "Budapest HUN"]
[Date "2012.07.10"]
[Round "4.2"]
[White "Lengyel,B"]
[Black "Bub,V"]
[Result "0-1"]
[WhiteElo "2270"]
[BlackElo "2153"]

1.e4 g6 2.d4 Bg7 3.Nc3 d6 4.Nf3 a6 5.a4 b6 6.Bc4 e6 7.O-O Ne7 8.Be3 h6 9.Re1 Bb7
10.h3 Nd7 11.d5 e5 12.Nd2 O-O 13.f3 f5 14.Nf1 f4 15.Bf2 Nf6 16.a5 b5 17.Bb3 Bc8
18.Nd2 g5 19.Kf1 Bd7 20.Ke2 b4 21.Na2 Bb5+ 22.Bc4 Qb8 23.b3 Kh8 24.Kf1 c6
25.dxc6 Bxc6 26.c3 d5 27.exd5 Nfxd5 28.Bxd5 Nxd5 29.c4 Ne3+ 30.Bxe3 fxe3
31.Rxe3 e4 32.Nxe4 Qf4 33.Qe1 Rae8 34.g3 Qe5 35.Rd1 Bxe4 36.Nxb4 Qf5 37.Kg1 Bxf3
38.Rxe8 Bxd1 39.Rxf8+ Bxf8 40.Qxd1 Bc5+  0-1

[Event "St. Pauli Open 2012"]
[Site "Hamburg GER"]
[Date "2012.07.10"]
[Round "4.17"]
[White "Schiele,L"]
[Black "Engelbert,C"]
[Result "1-0"]
[WhiteElo "2089"]
[BlackElo "2198"]

1.e4 g6 2.d4 Bg7 3.Nc3 d6 4.Be3 a6 5.Qd2 b5 6.Bd3 Nd7 7.a4 b4 8.Nce2 c5 9.c3 bxc3
10.bxc3 Ngf6 11.Nf3 Bb7 12.Ng3 O-O 13.O-O Ng4 14.Bg5 h6 15.h3 hxg5 16.hxg4 Qa5
17.Qxg5 Qxc3 18.Rfd1 cxd4 19.Rac1 Qb3 20.Qxe7 Qe6 21.Qh4 Rfc8 22.Ng5 Qf6
23.Rb1 Rab8 24.f4 Qxf4 25.Rf1 Qe3+ 26.Kh2 Ne5 27.Rb3 Bh6 28.Nxf7 Bf4 29.Nxe5 Bxg3+
30.Qxg3 Qxg3+ 31.Kxg3 dxe5 32.Rfb1 Rc3 33.Kh4 Rbc8 34.Rxb7 Rxd3 35.R1b6 Rdc3
36.Rxg6+ Kh8 37.Rxa6 R8c7 38.Raa7 Rxb7 39.Rxb7 Rc4 40.Kh5 d3 41.Kg6 Rc6+
42.Kf5 Rd6 43.Rb1 Rd4 44.Rd1 Rxa4 45.Rxd3 Ra5 46.Rd7 Ra2 47.g3 Kg8 48.g5  1-0

[Event "34th Oberwart Open A"]
[Site "Oberwart AUT"]
[Date "2012.07.10"]
[Round "4.19"]
[White "Izso,D"]
[Black "Gstach,Jakob"]
[Result "1-0"]
[WhiteElo "2331"]
[BlackElo "2087"]

1.e4 g6 2.d4 Bg7 3.Nc3 d6 4.f4 a6 5.Nf3 b5 6.Bd3 Nd7 7.O-O c5 8.e5 cxd4 9.Be4 Rb8
10.Nxd4 dxe5 11.Nc6 Qb6+ 12.Kh1 Ngf6 13.Nxb8 Qxb8 14.Bc6 O-O 15.Bxd7 Nxd7
16.Nd5 Qd6 17.fxe5 Bxe5 18.Bf4 Rd8 19.Bxe5 Nxe5 20.Ne3 Qc7 21.Qe2 Be6 22.Rad1 Rxd1
23.Rxd1 Nc4 24.Nxc4 Bxc4 25.Qd2 e5 26.b3 Be6 27.Qd8+ Qxd8 28.Rxd8+ Kg7 29.Kg1 e4
30.Rd6 a5 31.Ra6 a4 32.bxa4 bxa4 33.Rxa4 f5 34.Kf2  1-0

[Event "2nd Polugaevsky Mem"]
[Site "Samara RUS"]
[Date "2012.07.10"]
[Round "6.10"]
[White "Tukhaev,A"]
[Black "Artamonov,V"]
[Result "0-1"]
[WhiteElo "2546"]
[BlackElo "2211"]

1.e4 g6 2.d4 Bg7 3.Nc3 d6 4.Be3 a6 5.a4 b6 6.h4 h6 7.f4 h5 8.Nf3 Nf6 9.Ng5 Ng4
10.Bg1 f6 11.Nf3 e5 12.Bc4 exf4 13.Qd3 Ra7 14.O-O-O Nc6 15.Kb1 Ne7 16.Bb3 c6
17.Qc4 Rf8 18.a5 b5 19.Qb4 Rc7 20.Ne2 Bh6 21.Qd2 Ne3 22.Nxf4 Nxd1 23.Bh2 Nxb2
24.Kxb2 Bg4 25.Rd1 Rd7 26.Qe1 Bxf4 27.Bxf4 c5 28.c3 c4 29.Bc2 Qxa5 30.Ra1 Qb6
31.d5 b4 32.cxb4 Rb7 33.Be3 Qc7 34.Rxa6 Kf7 35.Bd4 Rfb8 36.Bc3 Ra7 37.Ng5+ Ke8
38.Rxa7 Qxa7 39.Bxf6 Ra8 40.Kc1 Qa2 41.Bc3 Kd7 42.Nh7 Ra3 43.Nf6+ Kd8 44.Qg3 Nc8
45.Nxg4 hxg4 46.e5 Qa1+ 47.Kd2 Qf1 48.exd6 Ra2 49.d7 Nd6  0-1

[Event "16th Godesburg Open"]
[Site "Bad Godesberg GER"]
[Date "2012.07.11"]
[Round "5.15"]
[White "Kutzner,S"]
[Black "Brungs,Sven"]
[Result "1/2-1/2"]
[WhiteElo "2046"]
[BlackElo "1866"]

1.e4 g6 2.d4 Bg7 3.Nc3 d6 4.Be3 Nf6 5.h3 O-O 6.Nf3 a6 7.Qd2 b5 8.e5 dxe5
9.dxe5 Qxd2+ 10.Nxd2 Nfd7 11.Nd5 Bxe5 12.Nxe7+ Kh8 13.Nxc8 Rxc8 14.O-O-O c5
15.g4 Ra7 16.Ne4 Kg8 17.Bg2 Rac7 18.Rhe1 c4 19.f4 Bg7 20.Nd6 Rf8 21.Bd5 Nf6
22.Bf3 Nfd7 23.Bf2 Nf6 24.f5 Bh6+ 25.Kb1 Bf4 26.Bd4 Nbd7 27.Bc3 Rc5 28.Bb4 Re5
29.h4 h6 30.fxg6 fxg6 31.Ne4 Rfe8 32.Nxf6+ Nxf6 33.Rxe5 Rxe5 34.Rd8+ Kf7
35.Rf8+ Kg7 36.Rxf6 Kxf6 37.Bc3  1/2-1/2

[Event "Int Open ch-SVK 2012"]
[Site "Banska Stiavnica SVK"]
[Date "2012.07.11"]
[Round "5.28"]
[White "Pechac,Jergus"]
[Black "Vukovic,Ivo"]
[Result "1/2-1/2"]
[WhiteElo "2047"]
[BlackElo "2227"]

1.e4 g6 2.d4 Bg7 3.Nc3 d6 4.Be3 c6 5.Qd2 Nd7 6.a4 h5 7.Nf3 Ndf6 8.h3 d5 9.e5 Nh7
10.Bd3 Nf8 11.b4 Bh6 12.b5 Qa5 13.O-O Bf5 14.Bxf5 gxf5 15.bxc6 bxc6 16.Qd3 Bxe3
17.fxe3 e6 18.Rab1 Ne7 19.Rb7 Nfg6 20.Ng5 Kf8 21.g4 hxg4 22.hxg4 Rh4 23.gxf5 Rg4+
24.Kf2 Rxg5 25.fxg6 Rxg6 26.Rh1 Qd8 27.Rh8+ Ng8 28.Qe2 Qg5  1/2-1/2

[Event "32nd Benasque Open"]
[Site "Benasque ESP"]
[Date "2012.07.11"]
[Round "7.8"]
[White "Anton Guijarro,D"]
[Black "Shanava,K"]
[Result "1-0"]
[WhiteElo "2490"]
[BlackElo "2578"]

1.e4 g6 2.d4 Bg7 3.Nc3 d6 4.Bg5 c6 5.Qd2 Qa5 6.h4 h6 7.Be3 Nf6 8.Be2 b5 9.Bf3 e5
10.dxe5 dxe5 11.Qd6 Be6 12.b4 Qd8 13.Qxd8+ Kxd8 14.a4 Bf8 15.axb5 Bxb4 16.Ne2 cxb5
17.O-O Bc4 18.Rfb1 Bxe2 19.Rxb4 Nc6 20.Rbb1 Bxf3 21.gxf3 Nd4 22.Bxd4 exd4
23.Nxb5 a6 24.Na7 Ke7 25.Rxa6 Nh5 26.Rb7+ Kf8 27.Rd6 Kg7 28.e5 Rhb8 29.Rc7 Rb1+
30.Kh2 Rf1 31.Kg2 Re1 32.Rdd7 Rf8 33.Nc6 Nf4+ 34.Kg3 Ne2+ 35.Kh2 Rf1 36.Nd8 Rxf2+
37.Kh1 d3 38.Nxf7 Ra8 39.Ng5+  1-0

[Event "St. Pauli Open 2012"]
[Site "Hamburg GER"]
[Date "2012.07.11"]
[Round "5.6"]
[White "Chevelevitch,E"]
[Black "Stenner,P"]
[Result "1-0"]
[WhiteElo "2418"]
[BlackElo "2237"]

1.e4 g6 2.d4 Bg7 3.Nc3 d6 4.Nf3 a6 5.a4 Nc6 6.Be3 Bg4 7.Be2 e5 8.dxe5 Nxe5
9.Nxe5 Bxe2 10.Qxe2 Bxe5 11.O-O Ne7 12.Qc4 Qd7 13.f4 Bxc3 14.Qxc3 O-O-O 15.Bd4 Rhg8
16.Bf6 Rde8 17.b4 Nc6 18.b5 Nb8 19.Qb4 Re6 20.e5 c6 21.c4 Qc7 22.Bh4 g5 23.exd6 Rxd6
24.fxg5 Qd7 25.Rae1 Rd4 26.Re7 Rxc4 27.Qxc4 Qxe7 28.Rxf7 axb5  1-0

[Event "87th ch-Paris IdF Open"]
[Site "Paris FRA"]
[Date "2012.07.11"]
[Round "5.8"]
[White "Vuilleumier,A"]
[Black "Shchekachev,A"]
[Result "0-1"]
[WhiteElo "2339"]
[BlackElo "2528"]

1.e4 d6 2.d4 g6 3.Nc3 Bg7 4.Bg5 Nd7 5.Qd2 c5 6.d5 a6 7.f3 h6 8.Be3 Ne5 9.g4 Nf6
10.h3 b5 11.f4 Ned7 12.Bg2 Nb6 13.e5 b4 14.Nd1 dxe5 15.Bxc5 Rb8 16.d6 Bb7
17.Bxb7 Rxb7 18.Nf2 exd6 19.Bxb4 Nc4 20.Qc3 Qc8 21.O-O-O O-O 22.fxe5 Nd7
23.Bxd6 Nxd6 24.Rxd6 Qb8 25.Ne4 Bxe5 26.Nf6+ Bxf6 27.Rxf6 Nxf6 28.Qxf6 Rb6  0-1

[Event "27th Gniota Memorial"]
[Site "Police POL"]
[Date "2012.07.11"]
[Round "1.6"]
[White "Pawlicz,Adam"]
[Black "Urban,K"]
[Result "0-1"]
[WhiteElo "2079"]
[BlackElo "2453"]

1.e4 g6 2.d4 Bg7 3.Nc3 d6 4.Be3 a6 5.Qd2 b5 6.a3 Bb7 7.f3 Nd7 8.Nge2 Rc8
9.h4 h5 10.Kf2 Ngf6 11.d5 c6 12.dxc6 Bxc6 13.Nd4 Bb7 14.a4 b4 15.Na2 a5 16.Bd3 d5
17.e5 Nxe5 18.Nc1 O-O 19.Nce2 Re8 20.Rhe1 Nxd3+ 21.cxd3 e5 22.Nb3 d4 23.Bg5 Qd5
24.Qd1 Ng4+ 25.Kg1 Ne3 26.Bxe3 dxe3 27.d4 exd4 28.Nbxd4  0-1

[Event "27th Gniota Memorial"]
[Site "Police POL"]
[Date "2012.07.11"]
[Round "1.12"]
[White "Maruszczak,J"]
[Black "Franzen,Joz"]
[Result "0-1"]
[WhiteElo "1811"]
[BlackElo "2304"]

1.e4 g6 2.d4 Bg7 3.Nc3 d6 4.Be3 c6 5.Qd2 b5 6.Bd3 Nd7 7.a4 b4 8.Nce2 a5 9.c4 bxc3
10.bxc3 Ngf6 11.f3 O-O 12.Bh6 e5 13.h4 d5 14.Bxg7 Kxg7 15.h5 dxe4 16.Bxe4 Nxe4
17.fxe4 Qf6 18.hxg6 Qxg6 19.Nf3 Ba6 20.Ng5 h6 21.Ng3 f5 22.Nh5+ Kh8 23.Rd1 f4
24.dxe5 Qxg5 25.e6 Ne5 26.c4 Rae8 27.Qd6 f3  0-1

[Event "49th Canadian Open Championship"]
[Site "Victoria CAN"]
[Date "2012.07.11"]
[Round "7"]
[White "Plotkin,Mark"]
[Black "Fiedler,Br"]
[Result "1-0"]
[WhiteElo "1877"]
[BlackElo "2066"]

1.e4 g6 2.d4 d6 3.Nc3 Bg7 4.Be3 c6 5.f3 Nd7 6.Qd2 b5 7.g4 Nb6 8.h4 h5 9.gxh5 Rxh5
10.Bd3 Nc4 11.Bxc4 bxc4 12.Nce2 Rb8 13.c3 Rhb5 14.b4 cxb3 15.axb3 Rxb3 16.Rxa7 Qb6
17.Ra2 Ba6 18.h5 Bc4 19.Rc2 gxh5 20.Rxh5 Nf6 21.Rh2 Rb1+ 22.Nc1 Kd7 23.Rg2 Bh8
24.Nh3 Nh7 25.e5 Bb3 26.Nf4 Bxc2 27.Qxc2 Qb3 28.Qf5+ Kc7 29.Ne2 Nf8 30.exd6+ exd6
31.Kf2 Qe6 32.Qa5+ Kd7 33.Nf4 R1b2+ 34.Nce2 Qa2 35.Qf5+ Kc7 36.d5 cxd5 37.Nxd5+ Kc6
38.Nb4+ R2xb4 39.cxb4 Ne6 40.Qxf7 Rxb4 41.Qe8+ Kc7 42.Qxh8 Rb2 43.Qh7+ Kc6
44.Qd3 Qb3 45.Qe4+ Qd5 46.Qa4+ Qb5 47.Qxb5+ Rxb5 48.Rg6 Kd7 49.Rxe6  1-0

[Event "35th Barbera Open A"]
[Site "Barbera del Valles ESP"]
[Date "2012.07.12"]
[Round "9.16"]
[White "Van Riemsdijk,H"]
[Black "Vassallo Barroche,M"]
[Result "1/2-1/2"]
[WhiteElo "2397"]
[BlackElo "2433"]

1.e4 g6 2.d4 Bg7 3.Nc3 d6 4.f4 Nf6 5.Nf3 O-O 6.Bd3 Nc6 7.e5 dxe5 8.dxe5 Nd5
9.Bd2 Nxc3 10.Bxc3 Bf5 11.Bxf5 gxf5 12.Qxd8 Raxd8 13.Ke2 Rd5 14.Rhd1 Rfd8
15.Rxd5 Rxd5 16.Rd1 Rxd1 17.Kxd1 e6 18.g3 Kf8 19.Ke2 Ke7 20.Ke3 f6 21.exf6+ Bxf6
22.Bxf6+ Kxf6 23.c3 e5 24.fxe5+ Nxe5 25.Nxe5 Kxe5 26.h3 h6 27.Kf3 Ke6 28.Kf4 Kf6
29.g4 fxg4 30.Kxg4  1/2-1/2

[Event "35th Barbera Open A"]
[Site "Barbera del Valles ESP"]
[Date "2012.07.12"]
[Round "9.6"]
[White "Aroshidze,L"]
[Black "Munoz Pantoja,M"]
[Result "1/2-1/2"]
[WhiteElo "2580"]
[BlackElo "2496"]

1.e4 g6 2.d4 Bg7 3.Nc3 d6 4.Be3 c6 5.Qd2 Nd7 6.h4 h5 7.Nh3 b5 8.Ng5 Nb6 9.b3 d5
10.f3 Nf6 11.e5 Ng8 12.a4 bxa4 13.Nxa4 Nxa4 14.Rxa4 Nh6 15.Bd3 Nf5 16.Bf2 Bh6
17.g4 Ng7 18.Qf4 O-O 19.Qg3 f5 20.exf6 exf6 21.Nh3 hxg4 22.fxg4 f5 23.g5 Nh5
24.Qf3 Bg7 25.Nf4 Nxf4 26.Qxf4 Bd7 27.Ra6 Bc8 28.Ra4 Bd7 29.Ra6 Bc8 30.Ra4 Bd7  1/2-1/2

[Event "6th LCT GpA 2012"]
[Site "Leiden NED"]
[Date "2012.07.12"]
[Round "6.12"]
[White "Van der Wiel,J"]
[Black "Iturbide Arnedo,O"]
[Result "1-0"]
[WhiteElo "2430"]
[BlackElo "2113"]

1.e4 g6 2.d4 Bg7 3.Nc3 d6 4.Be3 a6 5.g4 Nc6 6.h3 e5 7.dxe5 dxe5 8.Qxd8+ Nxd8
9.Nd5 Ne6 10.Ne2 Bd7 11.O-O-O O-O-O 12.Bg2 Bh6 13.h4 Bxe3+ 14.fxe3 f6 15.Ng3 c6
16.Nb6+ Kc7 17.Nxd7 Rxd7 18.Bh3 Rd6 19.Rhf1 Ne7 20.Rxd6 Kxd6 21.g5 f5 22.exf5 gxf5
23.Bxf5 Nxf5 24.Rxf5 Rg8 25.Rf7 Rg7 26.Nf5+  1-0

[Event "9th South Wales Int"]
[Site "Penarth WLS"]
[Date "2012.07.12"]
[Round "9.3"]
[White "Leconte,JO"]
[Black "Rudd,J"]
[Result "1-0"]
[WhiteElo "2298"]
[BlackElo "2295"]

1.e4 d6 2.Nc3 g6 3.d4 Bg7 4.Be3 Nd7 5.Nf3 a6 6.a4 b6 7.Qd2 e6 8.Bd3 h6 9.O-O Bb7
10.h3 Ne7 11.Nh2 g5 12.f4 gxf4 13.Rxf4 e5 14.dxe5 Nxe5 15.Be2 d5 16.exd5 Nxd5
17.Rd4 c6 18.Nxd5 cxd5 19.c4 Ng6 20.Rd3 O-O 21.Bxh6 Bxh6 22.Qxh6 Qe7 23.Re3 Qf6
24.Rf1 Qg7 25.Ng4 Qxh6 26.Nxh6+ Kg7 27.Nf5+ Kh7 28.Rb3 dxc4 29.Rxb6 Bd5 30.Ne3 Rae8
31.Bxc4 Bxc4 32.Nxc4 Re4 33.b3 f5 34.Rxa6 f4 35.Rd1 Nh4 36.Rd7+ Kg8 37.Raa7 Nf5
38.Nd6 Nxd6 39.Rg7+  1-0

[Event "27th Gniota Memorial"]
[Site "Police POL"]
[Date "2012.07.12"]
[Round "2.16"]
[White "Lanica,Lukasz"]
[Black "Pawlicz,Adam"]
[Result "0-1"]
[WhiteElo "1675"]
[BlackElo "2079"]

1.e4 g6 2.d4 Bg7 3.Nc3 d6 4.f4 Nf6 5.Nf3 O-O 6.Bd3 e6 7.O-O c5 8.e5 Nd5 9.Ne4 Nc6
10.Nxd6 cxd4 11.Kh1 f6 12.Nc4 b6 13.Qe2 Qc7 14.Re1 fxe5 15.fxe5 Nf4 16.Bxf4 Rxf4
17.Rf1 Bb7 18.Ng5 Rxf1+ 19.Rxf1 Qe7 20.Nxh7 Qh4 21.Bxg6 d3 22.Qxd3 Nxe5 23.Nxe5 Bxe5
24.h3 Bg3 25.Kg1 Rd8 26.Qc3 Rd4 27.Qe3 e5 28.Qa3 Rb4 29.Qd3 Rd4 30.Qf5 Qe7
31.Qf7+ Qxf7 32.Rxf7 Rd1+ 33.Rf1 Bh2+ 34.Kf2 Rd2+ 35.Ke3 Rxg2 36.Rf8+ Kg7
37.Rf7+ Kxg6 38.Rxb7 Rxc2 39.Rxa7 Rxb2 40.Nf8+ Kf6 41.Ra4 Kf5 42.h4 b5 43.Ra6 e4
44.Kd4 Be5+ 45.Ke3 Bf4+ 46.Kd4 e3 47.Nh7 Rd2+ 48.Kc5 e2 49.Rf6+ Ke4 50.Ng5+ Bxg5
51.hxg5 Rd5+ 52.Kc6 e1=Q 53.Kb6 Rxg5  0-1

[Event "2nd Polugaevsky Mem"]
[Site "Samara RUS"]
[Date "2012.07.12"]
[Round "8.17"]
[White "Tukhaev,A"]
[Black "Kabanova,E"]
[Result "1-0"]
[WhiteElo "2546"]
[BlackElo "2164"]

1.e4 g6 2.d4 Bg7 3.Nc3 d6 4.Be3 c6 5.Nf3 b5 6.Bd3 Bb7 7.a4 b4 8.Ne2 Nd7 9.a5 Ngf6
10.Ng3 O-O 11.O-O Qc7 12.c3 bxc3 13.bxc3 e5 14.dxe5 Nxe5 15.Nxe5 dxe5 16.Bc4 h5
17.f3 c5 18.Nh1 Rab8 19.Nf2 Kh7 20.Nh3 Kh8 21.Qe2 Nh7 22.Rfb1 Ba8 23.Rxb8 Rxb8
24.Rd1 Bf6 25.Qa2 Kg7 26.Nf2 Rf8 27.Qa4 Rd8 28.Rxd8 Bxd8 29.a6 Be7 30.Qe8 Bd8
31.Nd3 Nf6 32.Qxe5 Qa5 33.Bxc5 Qa4 34.Nb4 Kh7 35.Bd4 Qd1+ 36.Bf1 h4 37.h3 Qd2
38.Qd6 Nxe4 39.Qxd8  1-0

[Event "TCh-CHN 2012"]
[Site "Tianjin CHN"]
[Date "2012.07.13"]
[Round "9"]
[White "Gu Xiaobing"]
[Black "Ren,Xiaoyi"]
[Result "0-1"]
[WhiteElo "2257"]
[BlackElo "2202"]

1.e4 d6 2.d4 g6 3.Nc3 Bg7 4.f4 a6 5.Nf3 b5 6.e5 Nh6 7.Bd3 Bb7 8.Be4 d5 9.Bd3 e6
10.h3 Nf5 11.g4 Nh4 12.f5 Nxf3+ 13.Qxf3 Qh4+ 14.Qf2 Qxf2+ 15.Kxf2 c5 16.dxc5 Bxe5
17.Re1 Nd7 18.Bg5 Bd4+ 19.Kg3 gxf5 20.Bxb5 axb5 21.Nxb5 Bxc5 22.Nc7+ Kf8
23.Nxa8 Bxa8 24.c3 fxg4 25.hxg4 Rg8 26.Bh6+ Ke7 27.b4 Bd6+ 28.Kh3 Nf6 29.Rg1 Ne4
30.Rac1 Rc8 31.b5 Ba3 32.Rb1 Rxc3+ 33.Kh4 Bc5 34.Rh1 Bf2+ 35.Kh5 Ng3+  0-1

[Event "FSIM July 2012"]
[Site "Budapest HUN"]
[Date "2012.07.14"]
[Round "8.4"]
[White "Szalanczy,E"]
[Black "Bub,V"]
[Result "1-0"]
[WhiteElo "2272"]
[BlackElo "2153"]

1.e4 d6 2.d4 g6 3.Nc3 Bg7 4.Bg5 h6 5.Bh4 a6 6.f4 Nc6 7.Nge2 Bg4 8.Qd2 g5
9.fxg5 e5 10.d5 Nce7 11.Bf2 Ng6 12.Be3 hxg5 13.Bxg5 N8e7 14.O-O-O f6 15.Be3 f5
16.Bg5 f4 17.Re1 Bh6 18.Bxh6 Rxh6 19.Ng1 Ng8 20.Nd1 Qe7 21.Nf2 Nf6 22.Qb4 O-O-O
23.h3 Bd7 24.Nf3 Rg8 25.Rd1 Nh5 26.Rd3 Nh4 27.Rb3 b6 28.Ng4 Rhh8 29.Bxa6+ Kd8
30.Nxh4 Qxh4 31.Rd1 Bxg4 32.hxg4 Qxg4 33.Rc3 Nf6 34.b3 Rg7 35.Bf1 Qg5 36.Kb2 Rhh7
37.Qa4 Ne8 38.Bb5  1-0

[Event "6th LCT GpA 2012"]
[Site "Leiden NED"]
[Date "2012.07.14"]
[Round "8.13"]
[White "Verstraeten,R"]
[Black "Butkiewicz,L"]
[Result "1-0"]
[WhiteElo "2171"]
[BlackElo "2402"]

1.e4 d6 2.d4 g6 3.Nc3 Bg7 4.f4 Nf6 5.Nf3 O-O 6.Bd3 Na6 7.O-O c5 8.d5 Rb8
9.Bc4 Nc7 10.a4 a6 11.a5 Nb5 12.Bxb5 axb5 13.e5 Ng4 14.exd6 exd6 15.Nxb5 Re8
16.Ra3 Bf5 17.c4 Qd7 18.h3 Nh6 19.Re1 Re4 20.Rxe4 Bxe4 21.Ng5 Re8 22.a6 bxa6
23.Rxa6 Bf8 24.Nc3 Bf5 25.Bd2 Bd3 26.b3 Qe7 27.Nb5 Qe2 28.Qxe2 Rxe2 29.Bc3 Nf5
30.Ra8 h5 31.Nh7 Kxh7 32.Rxf8 g5 33.g4 hxg4 34.hxg4 Nh4 35.Rh8+ Kg6 36.Rg8+  1-0

[Event "34th Oberwart Open A"]
[Site "Oberwart AUT"]
[Date "2012.07.14"]
[Round "8.21"]
[White "Veszpremi,A"]
[Black "Koller,Hans-Juergen"]
[Result "1-0"]
[WhiteElo "2262"]
[BlackElo "2078"]

1.e4 g6 2.d4 Bg7 3.Nc3 d6 4.f4 e6 5.Nf3 Ne7 6.Be3 a6 7.Bd3 Nd7 8.e5 O-O 9.h4 Nf5
10.Bf2 c5 11.Bxf5 cxd4 12.Ne4 Qa5+ 13.Qd2 Qxd2+ 14.Nfxd2 gxf5 15.Nxd6 f6
16.exf6 Bxf6 17.O-O-O Rd8 18.Nf3 Nc5 19.Bxd4 Bxd4 20.Rxd4 Bd7 21.b4 Na4 22.Nxb7  1-0

[Event "7th Nana Aleksandria Cup"]
[Site "Poti GEO"]
[Date "2012.07.14"]
[Round "1.19"]
[White "Dakhundaridze,Nino"]
[Black "Shalamberidze,A"]
[Result "0-1"]
[WhiteElo "1626"]
[BlackElo "2342"]

1.e4 g6 2.d4 Bg7 3.Nc3 d6 4.Be3 c6 5.Nf3 Nd7 6.Be2 Ngf6 7.h3 O-O 8.O-O e5
9.d5 cxd5 10.exd5 a6 11.Na4 b5 12.Nc3 Bb7 13.Ng5 Nb6 14.Bxb6 Qxb6 15.Nge4 Nxe4
16.Nxe4 h6 17.a4 f5 18.Nc3 b4 19.a5 Qc5 20.Na2 Qxa5 21.Qd2 Qc5 22.Qxb4 Qc7
23.c4 e4 24.Rac1 Bd4 25.Rfd1 Ba7 26.Qd2 Qg7 27.b4 Rac8 28.Qc3 Qe7 29.Qb3 Kh7
30.c5 dxc5 31.d6 Qd7 32.Bc4 Rf6 33.b5 axb5 34.Bxb5 Bc6 35.Bxc6 Rxc6 36.Qa4 Rfxd6
37.Nc3 Rd3  0-1

[Event "Chess House IM 2012"]
[Site "Aarhus DEN"]
[Date "2012.07.15"]
[Round "8.3"]
[White "Sorensen,TorbenK"]
[Black "Andersen,Jack"]
[Result "0-1"]
[WhiteElo "2181"]
[BlackElo "2328"]

1.e4 g6 2.d4 Bg7 3.Nc3 d6 4.f4 c6 5.Nf3 d5 6.Be3 dxe4 7.Nxe4 Nf6 8.Nxf6+ exf6
9.Bc4 O-O 10.O-O Nd7 11.Bb3 Nb6 12.c4 Bf5 13.d5 cxd5 14.cxd5 Re8 15.Qd2 Bf8
16.Rad1 Rc8 17.Rfe1 Nc4 18.Bxc4 Rxc4 19.d6 Re6 20.b3 Rc2 21.Qb4 Be4 22.Bxa7 Bxf3
23.gxf3 Rxd6 24.Rxd6 Bxd6 25.Qd4 Kg7 26.a4 Qa5 27.Rd1 Qa6 28.Qe3 Bxf4 29.Qxf4 Qe2
30.Rd6 Qg2+  0-1

[Event "16th Godesburg Open"]
[Site "Bad Godesberg GER"]
[Date "2012.07.15"]
[Round "9.29"]
[White "Auschkalnis,R"]
[Black "Dungl,M"]
[Result "0-1"]
[WhiteElo "1841"]
[BlackElo "1964"]

1.e4 g6 2.d4 Bg7 3.Nc3 d6 4.Be3 a6 5.Qd2 b5 6.O-O-O Nc6 7.Nf3 Rb8 8.Be2 Bb7
9.d5 Ne5 10.Nxe5 Bxe5 11.Bd4 b4 12.Bxe5 dxe5 13.Nb1 Qd6 14.Qe3 Nf6 15.f3 c5
16.Nd2 Nd7 17.Nc4 Qf6 18.g4 O-O 19.Kb1 Rfd8 20.h4 Qf4 21.Qxf4 exf4 22.g5 Bc8
23.Na5 Ne5 24.Rd2 Rd6 25.Rhd1 Bd7 26.Nc4 Nxc4 27.Bxc4 f6 28.gxf6 exf6 29.Re1 Re8
30.Rde2 Re5 31.b3 a5 32.Kb2 g5 33.Rg1 h6 34.Bd3 Kf7 35.Rh2 a4 36.hxg5 a3+
37.Kc1 fxg5 38.Kd2 Rg6 39.Be2 g4 40.fxg4 Rxe4 41.Bd3 Rd4 42.Ke1 Rxg4 43.Rxg4 Bxg4
44.Rxh6 Ke7 45.Rg6 f3 46.Kf2 Bh5 47.Rg5 Rh4 48.Kg3 Rh1 49.Be4 Rg1+ 50.Kh4 f2
51.Bd3 Ra1 52.Rxh5 Rxa2 53.Rh7+ Kd6 54.Ra7 Rxc2 55.Kg3 Rc3 56.Kxf2 Rxd3 57.Ke2 Rxb3  0-1

[Event "16th Godesburg Open"]
[Site "Bad Godesberg GER"]
[Date "2012.07.15"]
[Round "9.13"]
[White "Schwab,T1"]
[Black "Brungs,Sven"]
[Result "1/2-1/2"]
[WhiteElo "2085"]
[BlackElo "1866"]

1.e4 g6 2.d4 Bg7 3.Nc3 d6 4.Be3 a6 5.Qd2 b5 6.f3 Nd7 7.a4 b4 8.Nd5 a5 9.Bc4 e6
10.Nf4 c5 11.c3 Rb8 12.Nge2 Qb6 13.O-O Ne7 14.Rfd1 O-O 15.Nxe6 fxe6 16.Bxe6+ Kh8
17.Bxd7 cxd4 18.Nxd4 Bxd7 19.Ne6 bxc3 20.Bxb6 cxd2 21.Nxf8 Rxb6 22.Nxd7 Rb7
23.Rxd2 Rxd7 24.f4 Rb7 25.Rxd6 Bxb2 26.Rad1 Ba3 27.Re6 Kg7 28.Re5 Bb4 29.g3 Kf6
30.Kg2 Bc3 31.Rb5 Ra7 32.Rd6+ Kf7 33.Kf3 Bb4 34.Rdb6 Rc7 35.e5 Rc3+ 36.Kg4 h5+
37.Kh3 Ra3 38.Rxb4 axb4 39.Rxb4 Ke6  1/2-1/2

[Event "Int Open ch-SVK 2012"]
[Site "Banska Stiavnica SVK"]
[Date "2012.07.15"]
[Round "9.24"]
[White "Gazik,Viktor"]
[Black "Zatko,G"]
[Result "1-0"]
[WhiteElo "2061"]
[BlackElo "2130"]

1.e4 g6 2.d4 Bg7 3.Nc3 d6 4.Be3 Nd7 5.f3 a6 6.g4 b5 7.h4 c5 8.h5 Bb7 9.h6 Bxd4
10.Bxd4 cxd4 11.Qxd4 f6 12.Nge2 Qb6 13.O-O-O Qxd4 14.Nxd4 Nc5 15.b4 Nd7 16.f4 Kf7
17.f5 Nf8 18.a4 bxa4 19.Bc4+ Ke8 20.Kd2 Rc8 21.Be6 Nxe6 22.Nxe6 Kf7 23.Kd3 gxf5
24.gxf5 Rxc3+ 25.Kxc3 Bxe4 26.Rdf1 Bxf5 27.Nd8+ Ke8 28.Rxf5 Kxd8 29.Ra5 e5
30.Rxa6 Ke7 31.Rxa4 Ke6 32.Ra8  1-0

[Event "Sparkassen Open A"]
[Site "Dortmund GER"]
[Date "2012.07.15"]
[Round "2.37"]
[White "Wernert,B"]
[Black "Elefteriadis,P"]
[Result "0-1"]
[WhiteElo "2040"]
[BlackElo "1880"]

1.e4 g6 2.d4 Bg7 3.Nc3 d6 4.Bg5 a6 5.Qd2 b5 6.Nf3 Bb7 7.a4 b4 8.Nd5 h6 9.Bh4 a5
10.Bd3 c6 11.Ne3 Nd7 12.O-O Qc7 13.c3 bxc3 14.bxc3 Ngf6 15.e5 dxe5 16.dxe5 Nxe5
17.Nxe5 Qxe5 18.Bg3 Qc5 19.Rab1 Bc8 20.c4 Be6 21.Bc7 Nd7 22.Rb7 O-O 23.Be2 Kh7
24.Rd1 f5 25.f4 Bxc4 26.Bxc4 Nf6 27.Bb6 Qa3 28.Qd3 Qxa4 29.Rxe7 Qb4 30.Rb7 Rab8
31.Qc2 Rxb7 32.Bc5 Qb2 33.Qxb2 Rxb2 34.Bxf8 Bxf8 35.Ba6 Rb3 36.Nc4 a4 37.g3 Bc5+
38.Kf1 a3 39.Ne5 Rb2  0-1

[Event "Corporation Centre Cup A"]
[Site "Izhevsk RUS"]
[Date "2012.07.15"]
[Round "1"]
[White "Klepikov,N"]
[Black "Dzhangobegov,V"]
[Result "1/2-1/2"]
[WhiteElo "2024"]
[BlackElo "2360"]

1.e4 g6 2.d4 Bg7 3.Nc3 d6 4.Bg5 Nd7 5.Bc4 c5 6.Nf3 cxd4 7.Nxd4 Ngf6 8.O-O O-O
9.Qd2 Nc5 10.Rfe1 Qb6 11.Bxf6 exf6 12.Ndb5 f5 13.Qxd6 Qxd6 14.Nxd6 Bxc3 15.bxc3 fxe4
16.Nxe4 Nxe4 17.Rxe4 Bf5 18.Re7 Rac8 19.Bb3 Rxc3 20.Rxb7 a5 21.Ra7 Rc5 22.Re1 Bxc2
23.Rc1 Rfc8 24.Bxf7+ Kh8 25.Re1 Bd3 26.h3 R8c7 27.Ra8+ Kg7 28.Bb3 Rc1 29.Rxc1 Rxc1+
30.Kh2 Rc5 31.g4 g5 32.Kg3 Be4 33.Re8 Rc3+ 34.Kh2 Bc2 35.Re5 a4 36.Bxc2 Rxc2
37.Rxg5+ Kf6 38.Rf5+ Kg6 39.Kg3 Rxa2 40.f4 a3 41.Ra5 Ra1 42.Kh4 a2 43.Ra6+ Kg7
44.Kg5 h6+ 45.Kf5 Rh1 46.Rxa2 Rxh3 47.Ra7+ Kf8 48.Kf6 Kg8 49.Kg6 Kf8 50.Rh7 Rh4
51.Rh8+ Ke7 52.Kf5 Kf7 53.Rh7+ Kg8 54.Ra7 Kh8 55.Ra6 Kg7 56.Rg6+ Kh7 57.Re6  1/2-1/2

[Event "22nd HOF Open 2012"]
[Site "Jyvaskyla FIN"]
[Date "2012.07.15"]
[Round "9.8"]
[White "Ahvenjarvi,Jani"]
[Black "Yrjola,J"]
[Result "1/2-1/2"]
[WhiteElo "2182"]
[BlackElo "2375"]

1.e4 g6 2.d4 Bg7 3.Nc3 d6 4.Nf3 Nf6 5.Be2 O-O 6.O-O Bg4 7.Be3 Nc6 8.Qd2 e5
9.dxe5 dxe5 10.Rad1 Qc8 11.h3 Rd8 12.Qc1 Bxf3 13.Bxf3 Nd4 14.Bxd4 exd4 15.Nd5 Nxd5
16.exd5 Qf5  1/2-1/2